00267nam a2200121Ia 4500008004100000041001200041082001100053100002000064245002800084250000900112260001600121650000800137221030s9999 xx 000 0 und d aEnglish a105.23 aEtika Sharma/20 0aReal Estate Management a2005 aJammuc2005 aMCA